| 000 | 00476nam a2200145 4500 | ||
|---|---|---|---|
| 999 |
_c11955 _d11955 |
||
| 008 | 210115b ||||| |||| 00| 0 eng d | ||
| 082 | 0 | 0 |
_a387.5 _bF247 |
| 100 |
_94213 _aFarthing, Bruce |
||
| 245 | 1 | 0 |
_aInternational shipping : an introduction to the policies politics and the institutions of the maritime World / _cby Bruce Farthing |
| 250 | _a2nd ed. | ||
| 260 |
_aLondon: _bLLP, _c1993. |
||
| 300 | _axxiv, 200 p. | ||
| 650 | 0 | _aShipping | |
| 942 |
_2ddc _cBK |
||